000 00292nam a22001337a 4500
008 181019b xxu||||| |||| 00| 0 eng d
020 _a9780801678981
041 _aeng
080 _27 ED
_a610
100 _a3
101 _aSHM
245 _aCommunity Health
_cOttoson/G
942 _2udc
_cBK
999 _c50205
_d50205